Zmluvné právo

Lexikón odbornej terminológie policajného zboru.

Salvato in:
Dettagli Bibliografici
Autore principale: Rapčanová, Michaela
Altri autori: Masárová, Mária, Števánková, Daniela, Miženková, Ľubica, Rechtoríková, Gabriela, Ondrejkovičová, Jelena
Natura: Capitolo di libro
Lingua:slovacco
inglese
tedesco
francese
russo
Soggetti:
Tags: Aggiungi Tag
Nessun Tag, puoi essere il primo ad aggiungerne!!

MARC

LEADER 00000naa a2200000 4500
001 0174571
005 20240502072957.4
041 0 |a slo 
041 0 |a eng 
041 0 |a ger 
041 0 |a fre 
041 0 |a rus 
044 |a SK 
245 1 0 |a Zmluvné právo  |c Michaela Rapčanová, Mária Masárová, Daniela Števánková, Ľubica Miženková, Gabriela Rechtoríková, Jelena Ondrejkovičová 
520 |a Lexikón odbornej terminológie policajného zboru. 
610 2 0 |a právo zmluvné 
610 2 0 |a polícia 
610 2 0 |a terminológia 
610 2 0 |a slovníky 
100 1 |a Rapčanová, Michaela 
700 1 |a Masárová, Mária 
700 1 |a Števánková, Daniela 
700 1 |a Miženková, Ľubica 
700 1 |a Rechtoríková, Gabriela 
700 1 |a Ondrejkovičová, Jelena